[Event "Titled Tuesday intern op 18th Jul Early"]
[Site "Chess.com INT"]
[Date "2023.07.18"]
[Round "1"]
[White "Rian, Kapriaga"]
[Black "Bykhovsky, Anatoly"]
[Result "1-0"]
[WhiteElo "2089"]
[BlackElo "2496"]
[PlyCount "71"]
[EventDate "2023.07.18"]
[EventType "swiss (blitz)"]
[EventRounds "11"]
[EventCountry "USA"]
[SourceTitle "EXT 2024"]
[Source "ChessBase"]
[SourceDate "2023.10.10"]
[SourceVersion "1"]
[SourceVersionDate "2023.10.10"]
[SourceQuality "1"]

1. d4 Nf6 2. Nf3 c5 3. e3 g6 4. Be2 Bg7 5. 0-0 0-0 6. b3 cxd4 7. exd4 d5 8. Bb2 Nc6 9. Nbd2 Bf5 10. a3 Rc8 11. Rc1 Ne4 12. Nxe4 dxe4 13. Ne5 Nxe5 14. dxe5 Qc7 15. Qd4 Rfd8 16. Qxa7 Ra8 17. Qe3 Bxe5 18. Bxe5 Qxe5 19. a4 Rac8 20. Bc4 Rd6 21. Rcd1 Rcd8 22. Rxd6 Rxd6 23. h3 h5 24. Qa7 Rd7 25. Qb6 Kg7 26. Re1 Rd2 27. Qxb7 Qd4 28. Rf1 e3 29. Qxe7 exf2+ 30. Kh1 Rd1 31. Qxf7+ Kh6 32. Qf8+ Kg5 33. Qe7+ Kf4 34. Qh4+ Ke3 35. Qxf2+ Ke4 36. Qf4# 1-0

[Event "Titled Tuesday intern op 11th Jul Early"]
[Site "Chess.com INT"]
[Date "2023.07.11"]
[Round "2"]
[White "Mayaud, Raphael"]
[Black "Bykhovsky, Anatoly"]
[Result "0-1"]
[WhiteElo "2201"]
[BlackElo "2496"]
[PlyCount "68"]
[EventDate "2023.07.11"]
[EventType "swiss (blitz)"]
[EventRounds "11"]
[EventCountry "USA"]
[SourceTitle "EXT 2024"]
[Source "ChessBase"]
[SourceDate "2023.10.10"]
[SourceVersion "1"]
[SourceVersionDate "2023.10.10"]
[SourceQuality "1"]

1. d4 Nf6 2. Bg5 c5 3. d5 e6 4. Nc3 h6 5. Bxf6 Qxf6 6. e4 a6 7. Nf3 b5 8. e5 Qd8 9. dxe6 dxe6 10. Qxd8+ Kxd8 11. 0-0-0+ Kc7 12. Ne4 Bb7 13. Nd6 Bxf3 14. gxf3 Bxd6 15. Rxd6 Nd7 16. f4 g5 17. Bg2 gxf4 18. Bxa8 Rxa8 19. Rg1 Nxe5 20. Rdd1 Ng6 21. Rd3 h5 22. Rgd1 Ne5 23. Rh3 Rh8 24. Rg1 Kd6 25. Rg5 h4 26. b3 b4 27. Kd2 Kd5 28. Ke2 Ke4 29. f3+ Kd4 30. Kd2 a5 31. Rg7 a4 32. Rg5 axb3 33. axb3 Ra8 34. Rxh4 Nxf3+ 0-1

[Event "Titled Tuesday intern op 20th Sep Late"]
[Site "Chess.com INT"]
[Date "2022.09.20"]
[Round "7"]
[White "Bykhovsky, Anatoly"]
[Black "Alexikov, Alexander"]
[Result "1-0"]
[WhiteElo "2496"]
[BlackElo "2223"]
[PlyCount "85"]
[EventDate "2022.09.20"]
[EventType "swiss (blitz)"]
[EventRounds "11"]
[EventCountry "USA"]
[SourceTitle "EXT 2023"]
[Source "ChessBase"]
[SourceDate "2022.10.05"]
[SourceVersion "1"]
[SourceVersionDate "2022.10.05"]
[SourceQuality "1"]

1. d4 Nf6 2. Nf3 g6 3. c4 Bg7 4. Nc3 d6 5. Bg5 0-0 6. e3 c6 7. Nd2 a6 8. Be2 b5 9. 0-0 h6 10. Bh4 Bb7 11. b4 Nbd7 12. c5 dxc5 13. bxc5 e5 14. Nde4 g5 15. Bg3 exd4 16. exd4 Nxe4 17. Nxe4 Nf6 18. Nd6 Bc8 19. Bf3 Bd7 20. a4 b4 21. a5 Nd5 22. Re1 Nc3 23. Qd3 Nb5 24. Be5 f6 25. Bg3 Nxd6 26. Bxd6 Re8 27. Qc4+ Kh8 28. Qxb4 f5 29. Rxe8+ Bxe8 30. Re1 g4 31. Bd1 Bf7 32. Bc2 Qg5 33. Qb7 Re8 34. Rf1 Bd5 35. Qd7 Re6 36. Rb1 Kh7 37. Be5 Rxe5 38. dxe5 Be4 39. Bxe4 fxe4 40. e6 e3 41. fxe3 Qxe3+ 42. Kh1 Qe4 43. Rd1 1-0

[Event "Titled Tuesday intern op 20th Sep Late"]
[Site "Chess.com INT"]
[Date "2022.09.20"]
[Round "3"]
[White "Bykhovsky, Anatoly"]
[Black "Janaszak, Dawid"]
[Result "1-0"]
[WhiteElo "2496"]
[BlackElo "2331"]
[PlyCount "61"]
[EventDate "2022.09.20"]
[EventType "swiss (blitz)"]
[EventRounds "11"]
[EventCountry "USA"]
[SourceTitle "EXT 2023"]
[Source "ChessBase"]
[SourceDate "2022.10.05"]
[SourceVersion "1"]
[SourceVersionDate "2022.10.05"]
[SourceQuality "1"]

1. d4 Nf6 2. c4 g6 3. Nc3 Bg7 4. Nf3 0-0 5. Bg5 h6 6. Bh4 c5 7. d5 g5 8. Bg3 d6 9. Nd2 e6 10. e4 Re8 11. Be2 exd5 12. cxd5 a6 13. a4 Nbd7 14. Bxd6 Ne5 15. Bxc5 Bg4 16. f3 Bh5 17. 0-0 Rc8 18. Bf2 Nfd7 19. Rc1 Qa5 20. Re1 Nc5 21. Nb3 Nxb3 22. Qxb3 g4 23. Bb6 Nxf3+ 24. gxf3 gxf3 25. Bxa5 Bd4+ 26. Kh1 fxe2 27. Nxe2 Bf2 28. Rxc8 Rxc8 29. Rf1 Ba7 30. Qg3+ Bg6 31. Nf4 1-0

[Event "Titled Tuesday intern op 13th Sep Early"]
[Site "Chess.com INT"]
[Date "2022.09.13"]
[Round "2"]
[White "Al Tarbosh, Ward"]
[Black "Bykhovsky, Anatoly"]
[Result "0-1"]
[WhiteElo "2156"]
[BlackElo "2496"]
[PlyCount "92"]
[EventDate "2022.09.13"]
[EventType "swiss (blitz)"]
[EventRounds "11"]
[EventCountry "USA"]
[SourceTitle "EXT 2023"]
[Source "ChessBase"]
[SourceDate "2022.10.05"]
[SourceVersion "1"]
[SourceVersionDate "2022.10.05"]
[SourceQuality "1"]

1. e4 c5 2. Nf3 e6 3. d4 cxd4 4. Nxd4 a6 5. Bd3 Bc5 6. Nb3 Ba7 7. Nc3 Nc6 8. Qe2 d6 9. Be3 e5 10. Nd5 Nf6 11. Bg5 Be6 12. c4 Bxd5 13. exd5 Nd4 14. Nxd4 Bxd4 15. 0-0 h6 16. Bh4 g5 17. Bg3 h5 18. h3 h4 19. Bh2 Qd7 20. Qf3 Qe7 21. Rfe1 0-0-0 22. Rab1 Kb8 23. b4 Rhg8 24. Bf5 Qc7 25. c5 Ka8 26. c6 bxc6 27. dxc6 d5 28. Bd3 Qxc6 29. b5 Qe6 30. Bf5 Qd6 31. bxa6 Rge8 32. Qb3 Rb8 33. Qa4 Qc5 34. Rbc1 Qb5 35. Qa3 Qb6 36. Re2 Re7 37. Qxe7 Qxa6 38. Rec2 g4 39. Qxf7 g3 40. Kh1 gxf2 41. Be6 f1Q+ 42. Bg1 Qfb5 43. Qxf6 Bxg1 44. Bxd5+ Ka7 45. Rc7+ Rb7 46. Rxb7+ Qbxb7 0-1

[Event "Titled Tuesday intern op 06th Sep Early"]
[Site "Chess.com INT"]
[Date "2022.09.06"]
[Round "3"]
[White "Bykhovsky, Anatoly"]
[Black "Giri, Anish"]
[Result "0-1"]
[WhiteElo "2496"]
[BlackElo "2764"]
[PlyCount "62"]
[EventDate "2022.09.06"]
[EventType "swiss (blitz)"]
[EventRounds "11"]
[EventCountry "USA"]
[SourceTitle "EXT 2023"]
[Source "ChessBase"]
[SourceDate "2022.10.05"]
[SourceVersion "1"]
[SourceVersionDate "2022.10.05"]
[SourceQuality "1"]

1. Nf3 c5 2. c4 Nf6 3. Nc3 e6 4. g3 b6 5. Bg2 Bb7 6. 0-0 Be7 7. d4 cxd4 8. Qxd4 d6 9. b3 a6 10. Ba3 0-0 11. Rfd1 Ne8 12. e4 Nd7 13. e5 Bxf3 14. Bxf3 Nxe5 15. Bxa8 Qxa8 16. Qe4 Qc8 17. f4 Nf6 18. Qe2 Ned7 19. Ne4 Nxe4 20. Qxe4 d5 21. cxd5 Bxa3 22. dxe6 Nf6 23. exf7+ Rxf7 24. Qf3 Rc7 25. Rd2 Bc1 26. Re2 h5 27. Kg2 Rc3 28. Qf1 Qc6+ 29. Kh3 Qd7+ 30. Kg2 h4 31. gxh4 Qc6+ 0-1

[Event "Titled Tuesday intern op 23rd Aug Early"]
[Site "Chess.com INT"]
[Date "2022.08.23"]
[Round "9"]
[White "Bykhovsky, Anatoly"]
[Black "Lamaze, Simon"]
[Result "0-1"]
[WhiteElo "2496"]
[BlackElo "2371"]
[PlyCount "94"]
[EventDate "2022.08.23"]
[EventType "swiss (blitz)"]
[EventRounds "11"]
[EventCountry "USA"]
[SourceTitle "EXT 2023"]
[Source "ChessBase"]
[SourceDate "2022.10.05"]
[SourceVersion "1"]
[SourceVersionDate "2022.10.05"]
[SourceQuality "1"]

1. d4 Nf6 2. c4 g6 3. Nc3 Bg7 4. Nf3 d6 5. Bg5 h6 6. Bh4 g5 7. Bg3 Nh5 8. e3 Nd7 9. Nd2 Nxg3 10. hxg3 Nf6 11. Bd3 c6 12. Qc2 Bd7 13. 0-0-0 a5 14. Kb1 Qc7 15. Nde4 Nxe4 16. Nxe4 a4 17. f4 g4 18. a3 Ra5 19. Nc3 c5 20. Nd5 Qd8 21. Be4 e6 22. Nc3 cxd4 23. exd4 Qb6 24. Qd3 f5 25. Bxb7 Qxb7 26. Rhe1 0-0 27. Rd2 Rb8 28. Ree2 Raa8 29. d5 e5 30. fxe5 dxe5 31. c5 e4 32. Qc4 Qb3 33. Qxb3 Rxb3 34. Na2 Bb5 35. Re1 Bd3+ 36. Kc1 Rc8 37. c6 Rb5 38. Nb4 Rc5+ 39. Kd1 Rd8 40. Re3 Bd4 41. Rexd3 exd3 42. Rxd3 Be5 43. Rd2 Kg7 44. Ke2 Kf6 45. Ke3 Bxg3 46. Kd4 Rc1 47. Nd3 Rxc6 0-1

[Event "Titled Tuesday intern op 23rd Aug Early"]
[Site "Chess.com INT"]
[Date "2022.08.23"]
[Round "4"]
[White "Bykhovsky, Anatoly"]
[Black "Moroni, Luca Jr"]
[Result "1/2-1/2"]
[WhiteElo "2496"]
[BlackElo "2574"]
[PlyCount "169"]
[EventDate "2022.08.23"]
[EventType "swiss (blitz)"]
[EventRounds "11"]
[EventCountry "USA"]
[SourceTitle "EXT 2023"]
[Source "ChessBase"]
[SourceDate "2022.10.05"]
[SourceVersion "1"]
[SourceVersionDate "2022.10.05"]
[SourceQuality "1"]

1. d4 g6 2. e4 Bg7 3. Nc3 d6 4. f4 Nf6 5. Nf3 0-0 6. Bd3 Nc6 7. 0-0 e5 8. dxe5 dxe5 9. f5 Qe7 10. Bg5 Nb4 11. Kh1 Nxd3 12. Qxd3 c6 13. Rad1 h6 14. Bh4 gxf5 15. exf5 e4 16. Bxf6 Qxf6 17. Nxe4 Qxf5 18. Nd4 Qg6 19. Ng3 Qxd3 20. Rxd3 Kh7 21. c3 c5 22. Ndf5 Be6 23. Nxg7 Kxg7 24. Nf5+ Kh7 25. Rh3 Bxf5 26. Rxf5 Rad8 27. Rhf3 Rd1+ 28. Rf1 Rxf1+ 29. Rxf1 Kg6 30. g3 Rd8 31. Rf2 f5 32. Kg2 h5 33. Kf3 Kg5 34. h4+ Kf6 35. Kf4 Rd1 36. Re2 Rf1+ 37. Ke3 Ke5 38. Kd3+ Kd5 39. c4+ Kd6 40. Ke3 Ke5 41. Kd3+ Kf6 42. Ke3 b6 43. b3 Rg1 44. Kf4 Rf1+ 45. Ke3 f4+ 46. gxf4 Kf5 47. Rg2 Re1+ 48. Kd2 Ra1 49. Kc3 Kxf4 50. Rg5 Rxa2 51. Rxh5 Kg4 52. Rh7 Ra1 53. h5 Kf5 54. Rg7 Rh1 55. Rf7+ Ke5 56. Rd7 Ke6 57. Rxa7 Kd6 58. Rh7 Rh3+ 59. Kb2 Kc6 60. Rh6+ Kb7 61. Ka3 Ka6 62. Rh8 b5 63. cxb5+ Kxb5 64. h6 Kc6 65. h7 Kb7 66. Ka4 Rh5 67. Kb5 Rh3 68. Kxc5 Rh5+ 69. Kb4 Rh1 70. Kc4 Rh2 71. b4 Rh1 72. Kd5 Rh2 73. Ke6 Rh1 74. Kf6 Rh2 75. Kg6 Rg2+ 76. Kf7 Rh2 77. Ke6 Rh1 78. Kd5 Rh2 79. Kc5 Rh1 80. Kb5 Rh5+ 81. Ka4 Rh1 82. Kb5 Rh5+ 83. Ka4 Rh4 84. Ka5 Rh5+ 85. Ka4 1/2-1/2

[Event "Titled Tuesday intern op 16th Aug Early"]
[Site "Chess.com INT"]
[Date "2022.08.16"]
[Round "2"]
[White "Bykhovsky, Anatoly"]
[Black "Atanasov, Anthony"]
[Result "1/2-1/2"]
[WhiteElo "2496"]
[BlackElo "2150"]
[PlyCount "160"]
[EventDate "2022.08.16"]
[EventType "swiss (blitz)"]
[EventRounds "11"]
[EventCountry "USA"]
[SourceTitle "EXT 2023"]
[Source "ChessBase"]
[SourceDate "2022.10.05"]
[SourceVersion "1"]
[SourceVersionDate "2022.10.05"]
[SourceQuality "1"]

1. Nf3 Nf6 2. g3 d5 3. Bg2 Bf5 4. c4 e6 5. Qb3 Nc6 6. cxd5 exd5 7. 0-0 Rb8 8. d3 Be7 9. Bf4 0-0 10. Nc3 h6 11. Rac1 d4 12. Nb5 Be6 13. Qa4 Nd5 14. Nbxd4 Nxf4 15. gxf4 Nxd4 16. Nxd4 Bd7 17. Qb3 c5 18. Nf3 Be6 19. Qa4 b5 20. Qc2 Qa5 21. Ne5 Rbc8 22. Nc6 Qc7 23. Nxe7+ Qxe7 24. a3 a5 25. Qd2 b4 26. axb4 axb4 27. Qe3 Qf6 28. Qe5 c4 29. Qxf6 gxf6 30. dxc4 Rxc4 31. Rxc4 Bxc4 32. Bf3 Rd8 33. Rc1 Bb3 34. e3 Rd2 35. Rc8+ Kg7 36. Rb8 Rxb2 37. Rxb4 f5 38. Kg2 Kf6 39. Rb6+ Kg7 40. Kg3 Rb1 41. Bg2 f6 42. Rb7+ Kg6 43. h4 h5 44. Kh2 Bc2 45. Rxb1 Bxb1 46. Kg1 Bc2 47. Kf1 Kf7 48. Bf3 Bd3+ 49. Ke1 Kg6 50. Kd2 Be4 51. Be2 Kf7 52. Bxh5+ Ke6 53. Be2 Bc6 54. Kc3 Be8 55. Kd4 Ke7 56. Bd3 Bg6 57. f3 Kd6 58. e4 fxe4 59. fxe4 Ke7 60. e5 Bf7 61. Bf5 fxe5+ 62. fxe5 Kf8 63. Ke3 Kg7 64. Kf4 Bc4 65. Kg5 Bb3 66. h5 Bc4 67. h6+ Kg8 68. Kf6 Kh8 69. Be6 Bb5 70. Bf5 Bc4 71. Ke7 Bb3 72. Kd6 Bc4 73. Be6 Bd3 74. Bf7 Bf5 75. Ke7 Kh7 76. Kf6 Bd7 77. Be6 Bc6 78. Kg5 Kh8 79. Bf5 Bd5 80. Kf6 Bc4 1/2-1/2

[Event "Titled Tuesday intern op 16th Aug Early"]
[Site "Chess.com INT"]
[Date "2022.08.16"]
[Round "5"]
[White "Bykhovsky, Anatoly"]
[Black "Mamedov, Rauf"]
[Result "1-0"]
[WhiteElo "2496"]
[BlackElo "2656"]
[PlyCount "101"]
[EventDate "2022.08.16"]
[EventType "swiss (blitz)"]
[EventRounds "11"]
[EventCountry "USA"]
[SourceTitle "EXT 2023"]
[Source "ChessBase"]
[SourceDate "2022.10.05"]
[SourceVersion "1"]
[SourceVersionDate "2022.10.05"]
[SourceQuality "1"]

1. d4 Nf6 2. c4 g6 3. Nc3 Bg7 4. e4 d6 5. Nf3 0-0 6. Be2 Na6 7. 0-0 e5 8. Bg5 h6 9. Bh4 Qe8 10. Bxf6 Bxf6 11. c5 exd4 12. Nd5 Qd8 13. Bxa6 bxa6 14. cxd6 Qxd6 15. Nxf6+ Qxf6 16. Qxd4 Qb6 17. Rac1 Bg4 18. Qxb6 cxb6 19. Ne5 Be6 20. a3 Rfd8 21. f4 Ba2 22. Nc6 Rd7 23. Nb4 Bb3 24. Rf3 Bd1 25. Rfc3 Rd2 26. Rd3 Rxd3 27. Nxd3 Bb3 28. Kf2 Re8 29. Ke3 Bd5 30. Ne5 Ba8 31. Rc7 g5 32. Rxa7 f6 33. Ng4 Rxe4+ 34. Kd3 Rxf4 35. Nxh6+ Kf8 36. Rxa8+ Kg7 37. Rxa6 b5 38. Rb6 Kxh6 39. Rxb5 Rf2 40. a4 Rxg2 41. a5 Rg1 42. b4 Ra1 43. Ke4 Kg6 44. Rb6 g4 45. Kf4 Kh5 46. Rxf6 Rb1 47. Rb6 Rb2 48. a6 Rxh2 49. a7 Ra2 50. Rb5+ Kh4 51. Ra5 1-0

[Event "Titled Tuesday intern op 16th Aug Early"]
[Site "Chess.com INT"]
[Date "2022.08.16"]
[Round "10"]
[White "Bykhovsky, Anatoly"]
[Black "Timofeev, Artyom"]
[Result "0-1"]
[WhiteElo "2496"]
[BlackElo "2564"]
[PlyCount "88"]
[EventDate "2022.08.16"]
[EventType "swiss (blitz)"]
[EventRounds "11"]
[EventCountry "USA"]
[SourceTitle "EXT 2023"]
[Source "ChessBase"]
[SourceDate "2022.10.05"]
[SourceVersion "1"]
[SourceVersionDate "2022.10.05"]
[SourceQuality "1"]

1. d4 Nf6 2. Nf3 g6 3. c4 Bg7 4. Nc3 d5 5. Bg5 e6 6. e3 0-0 7. Rc1 c6 8. b4 Nbd7 9. Qb3 h6 10. Bh4 a5 11. b5 a4 12. Qb4 Re8 13. Be2 Bf8 14. Qb1 Qa5 15. 0-0 Bb4 16. Qc2 Bxc3 17. Qxc3 Qxc3 18. Rxc3 Ne4 19. Rc2 c5 20. cxd5 exd5 21. dxc5 Ndxc5 22. Nd4 b6 23. Rfc1 Bd7 24. g4 a3 25. f3 Nd6 26. Bg3 Nc4 27. e4 Ra4 28. Bxc4 dxc4 29. Rxc4 Rxc4 30. Rxc4 Rc8 31. Bd6 g5 32. Rc3 Ne6 33. Rxc8+ Bxc8 34. Nc6 Bd7 35. Bxa3 Nc7 36. Ne7+ Kh7 37. Bd6 Nxb5 38. Be5 Na3 39. Nd5 Be6 40. Nxb6 Bxa2 41. Nd5 Nc4 42. Bd4 Nd6 43. Nf6+ Kg6 44. Ne8 Nxe8 0-1

[Event "Titled Tuesday intern op 16th Aug Early"]
[Site "Chess.com INT"]
[Date "2022.08.16"]
[Round "1"]
[White "Sargissyan, Sargis"]
[Black "Bykhovsky, Anatoly"]
[Result "0-1"]
[WhiteElo "2209"]
[BlackElo "2496"]
[PlyCount "94"]
[EventDate "2022.08.16"]
[EventType "swiss (blitz)"]
[EventRounds "11"]
[EventCountry "USA"]
[SourceTitle "EXT 2023"]
[Source "ChessBase"]
[SourceDate "2022.10.05"]
[SourceVersion "1"]
[SourceVersionDate "2022.10.05"]
[SourceQuality "1"]

1. e4 c5 2. Nf3 d6 3. d4 cxd4 4. Nxd4 Nf6 5. Nc3 Nc6 6. Bg5 e6 7. Qd2 a6 8. 0-0-0 Nxd4 9. Qxd4 Be7 10. Kb1 b5 11. f3 Bb7 12. h4 0-0 13. h5 h6 14. Be3 Rc8 15. g4 Nd7 16. Rg1 Ne5 17. Be2 Nc4 18. Bxc4 Rxc4 19. Qd2 b4 20. Ne2 a5 21. g5 hxg5 22. Bxg5 Bxg5 23. Rxg5 Kh7 24. Rdg1 Rg8 25. Nf4 Rc5 26. R5g4 a4 27. Qxb4 Qc7 28. R1g2 d5 29. exd5 Bxd5 30. Nxd5 Rxd5 31. Rg1 Qd7 32. Qe1 Rxh5 33. R4g2 g6 34. Rh1 Rxh1 35. Qxh1+ Kg7 36. Rh2 Qd5 37. Rh7+ Kf6 38. a3 Rd8 39. Qh4+ g5 40. Qh6+ Ke7 41. Qg7 Qf5 42. Qc3 Rd1+ 43. Ka2 Qxh7 44. Qb4+ Rd6 45. Qxa4 Qf5 46. Qa8 Qd5+ 47. b3 Qxa8 0-1

[Event "Titled Tuesday intern op 30th Mar"]
[Site "Chess.com INT"]
[Date "2021.03.30"]
[Round "6"]
[White "Bykhovsky, Anatoly"]
[Black "Yurovskich, Oleksandr"]
[Result "0-1"]
[WhiteElo "2496"]
[BlackElo "2260"]
[PlyCount "56"]
[EventDate "2021.03.30"]
[EventType "swiss (blitz)"]
[EventRounds "11"]
[EventCountry "USA"]
[SourceTitle "CBM 201 Extra"]
[Source "ChessBase"]
[SourceDate "2021.05.31"]
[SourceVersion "1"]
[SourceVersionDate "2021.05.31"]
[SourceQuality "1"]

1. Nf3 d5 2. g3 c6 3. Bg2 Bg4 4. 0-0 Nd7 5. d4 e6 6. Nbd2 Ngf6 7. Re1 Be7 8. e4 0-0 9. h3 Bh5 10. c3 Bg6 11. e5 Ne8 12. Nb3 c5 13. Be3 c4 14. Nc1 Nc7 15. Ne2 b5 16. Nf4 b4 17. h4 Be4 18. Bf1 h6 19. Nd2 Bh7 20. h5 bxc3 21. bxc3 Ba3 22. Qg4 Bb2 23. Nxd5 exd5 24. Bxh6 Ne6 25. Nxc4 dxc4 26. Bxc4 Kh8 27. Bxe6 gxh6 28. Bxd7 Bxc3 0-1

[Event "Chess.com Bullet op2"]
[Site "Chess.com INT"]
[Date "2020.12.19"]
[Round "18"]
[White "Bykhovsky, Anatoly"]
[Black "Liyanage, Ranindu Dilshan"]
[Result "1-0"]
[WhiteElo "2496"]
[BlackElo "2178"]
[PlyCount "81"]
[EventDate "2020.12.19"]
[EventType "swiss (blitz)"]
[EventRounds "21"]
[EventCountry "USA"]
[SourceTitle "EXT 2022"]
[Source "ChessBase"]
[SourceDate "2021.10.06"]
[SourceVersion "1"]
[SourceVersionDate "2021.10.06"]
[SourceQuality "1"]

1. Nf3 Nf6 2. g3 e6 3. Bg2 d5 4. 0-0 Be7 5. b3 0-0 6. Bb2 a5 7. d4 a4 8. c4 c5 9. Qc2 Nc6 10. dxc5 Nb4 11. Qc3 Bxc5 12. a3 d4 13. Qd2 Nc6 14. b4 Ba7 15. Rd1 e5 16. b5 Na5 17. Nxe5 Nb3 18. Qc2 Nxa1 19. Bxa1 Qe7 20. Nf3 Be6 21. Nxd4 Rac8 22. Nxe6 Qxe6 23. Nd2 Rfd8 24. e3 Ng4 25. Re1 Qf6 26. Bxf6 Nxf6 27. Bxb7 Rc7 28. Bc6 Bc5 29. Ne4 Nxe4 30. Bxe4 Re7 31. Bd5 Rc8 32. Qxa4 g6 33. Qb3 Ra7 34. a4 Rcc7 35. Ra1 Ra5 36. Qc3 Rca7 37. Bc6 Bb6 38. c5 Bc7 39. b6 Bxb6 40. cxb6 Rd5 41. Bxd5 1-0

[Event "Chess.com Bullet op2"]
[Site "Chess.com INT"]
[Date "2020.12.19"]
[Round "3"]
[White "Djokic, Mihailo"]
[Black "Bykhovsky, Anatoly"]
[Result "1/2-1/2"]
[WhiteElo "2227"]
[BlackElo "2496"]
[PlyCount "128"]
[EventDate "2020.12.19"]
[EventType "swiss (blitz)"]
[EventRounds "21"]
[EventCountry "USA"]
[SourceTitle "EXT 2022"]
[Source "ChessBase"]
[SourceDate "2021.10.06"]
[SourceVersion "1"]
[SourceVersionDate "2021.10.06"]
[SourceQuality "1"]

1. e4 c5 2. Nf3 d6 3. d4 cxd4 4. Nxd4 Nf6 5. Nc3 Nc6 6. Bg5 e6 7. Qd2 Be7 8. 0-0-0 Nxd4 9. Qxd4 a6 10. Kb1 b5 11. f4 Bb7 12. a3 h6 13. Bh4 Rc8 14. Be2 Qc7 15. Bf3 e5 16. Qe3 0-0 17. fxe5 dxe5 18. Rd2 Bc5 19. Qe2 Bxa3 20. Bxf6 gxf6 21. Nd5 Bxd5 22. exd5 Bb4 23. Be4 Qd7 24. Rd3 Rc4 25. Rg3+ Kh8 26. Qh5 Bd2 27. Bf5 Qxd5 28. Rd3 Qxg2 29. Rxd2 Qxd2 30. Rg1 Qe3 31. Rg3 Qd2 32. Bd3 Rd4 33. Rg1 Qe3 34. Qf5 Rxd3 35. Qf1 Rd2 36. Qc1 Rfd8 37. Re1 Qxe1 38. Qxe1 Rd1+ 39. Qxd1 Rxd1+ 40. Ka2 Rd2 41. Kb3 Rxh2 42. c4 Rf2 43. cxb5 axb5 44. Kb4 Rxb2+ 45. Kc5 h5 46. Kd6 h4 47. Kd5 h3 48. Ke4 h2 49. Kf5 h1Q 50. Kxf6 b4 51. Ke7 b3 52. Kf8 Rc2 53. Ke7 b2 54. Kf8 b1Q 55. Ke7 e4 56. Kf6 e3 57. Ke7 f5 58. Kf8 f4 59. Kf7 e2 60. Kf6 f3 61. Ke5 f2 62. Kf5 f1Q+ 63. Kg5 e1Q 64. Kg6 Qbc1 1/2-1/2

[Event "Chess.com Bullet op2"]
[Site "Chess.com INT"]
[Date "2020.12.19"]
[Round "15"]
[White "Hammer, Jon Ludvig"]
[Black "Bykhovsky, Anatoly"]
[Result "1-0"]
[WhiteElo "2608"]
[BlackElo "2496"]
[PlyCount "63"]
[EventDate "2020.12.19"]
[EventType "swiss (blitz)"]
[EventRounds "21"]
[EventCountry "USA"]
[SourceTitle "EXT 2022"]
[Source "ChessBase"]
[SourceDate "2021.10.06"]
[SourceVersion "1"]
[SourceVersionDate "2021.10.06"]
[SourceQuality "1"]

1. g3 d5 2. Bg2 e5 3. e3 Nc6 4. Ne2 h5 5. 0-0 h4 6. d4 e4 7. c4 dxc4 8. Bxe4 Nf6 9. Bg2 hxg3 10. hxg3 Bf5 11. Nbc3 Qd7 12. f3 Bh3 13. g4 Nxg4 14. fxg4 Bxg2 15. Kxg2 Bd6 16. Ng3 0-0-0 17. Qf3 Rh4 18. Qf5 Rxg4 19. Qxd7+ Rxd7 20. Nce2 g6 21. Rh1 b5 22. Kf3 f5 23. b3 c3 24. a3 a5 25. e4 Nxd4+ 26. Nxd4 Rxg3+ 27. Ke2 fxe4 28. Nxb5 Bc5 29. Rh2 c2 30. Ra2 Rxb3 31. a4 Rc3 32. Nxc3 1-0

[Event "Titled Tuesday intern op 17th Nov"]
[Site "Chess.com INT"]
[Date "2020.11.17"]
[Round "3"]
[White "Bykhovsky, Anatoly"]
[Black "Anton, Teodor"]
[Result "1-0"]
[WhiteElo "2496"]
[BlackElo "2464"]
[PlyCount "49"]
[EventDate "2020.11.17"]
[EventType "swiss (blitz)"]
[EventRounds "11"]
[EventCountry "USA"]
[SourceTitle "CBM 199 Extra"]
[Source "ChessBase"]
[SourceDate "2021.01.31"]
[SourceVersion "1"]
[SourceVersionDate "2021.01.31"]
[SourceQuality "1"]

1. d4 Nf6 2. Nf3 e6 3. Bg5 h6 4. Bh4 g5 5. Bg3 b5 6. e3 Bb7 7. Bxb5 c5 8. c3 Qb6 9. Qe2 Ne4 10. Bd3 Nxg3 11. hxg3 g4 12. Nh4 h5 13. Nd2 a5 14. Nc4 Qc7 15. Rc1 a4 16. e4 Be7 17. d5 exd5 18. exd5 Bxd5 19. Nf5 Be6 20. Nce3 Nc6 21. Rd1 Bxa2 22. Bc4 Bxc4 23. Nxc4 Kf8 24. Qxg4 Ne5 25. Qg7+ 1-0

[Event "Titled Tuesday intern op 17th Nov"]
[Site "Chess.com INT"]
[Date "2020.11.17"]
[Round "8"]
[White "Bykhovsky, Anatoly"]
[Black "Tang, Andrew"]
[Result "0-1"]
[WhiteElo "2496"]
[BlackElo "2538"]
[PlyCount "156"]
[EventDate "2020.11.17"]
[EventType "swiss (blitz)"]
[EventRounds "11"]
[EventCountry "USA"]
[SourceTitle "CBM 199 Extra"]
[Source "ChessBase"]
[SourceDate "2021.01.31"]
[SourceVersion "1"]
[SourceVersionDate "2021.01.31"]
[SourceQuality "1"]

1. Nf3 d5 2. g3 Bg4 3. Bg2 Nd7 4. 0-0 e6 5. d4 Bd6 6. Nbd2 c6 7. e4 Ne7 8. c3 0-0 9. h3 Bh5 10. e5 Bc7 11. Nb3 a5 12. Be3 a4 13. Nc1 c5 14. Nd3 Nc6 15. Nf4 Bxf3 16. Qxf3 Qe7 17. Qg4 cxd4 18. cxd4 Bb6 19. Rad1 Rae8 20. h4 f6 21. exf6 Nxf6 22. Qe2 Qb4 23. a3 Qa5 24. Rfe1 Qa7 25. Qd2 Ba5 26. Qd3 Bxe1 27. Rxe1 Re7 28. Bd2 Rfe8 29. Bc3 Qa6 30. Qd1 Qb6 31. Qxa4 Qc7 32. Qd1 Qd6 33. Qb3 Rd7 34. Nd3 Ne4 35. Bxe4 dxe4 36. Rxe4 Rde7 37. Nf4 h6 38. h5 Nd8 39. Bb4 Qb6 40. Qe3 Rd7 41. Bc3 Qc6 42. Qe2 Qd6 43. d5 e5 44. Bb4 Qa6 45. Qg4 Rf7 46. Ne6 Nxe6 47. dxe6 Qxe6 48. Qe2 Qf5 49. Bc3 Rfe7 50. f4 Qf7 51. Bxe5 Rd7 52. Qf3 Qd5 53. Re3 Qd2 54. Re2 Qc1+ 55. Kg2 Rc8 56. Bc3 Qd1 57. Qg4 Rf8 58. Qf3 Qd6 59. Qe4 Rc8 60. Qf3 Qc5 61. Qg4 Qd5+ 62. Qf3 Qf7 63. Qg4 Rc5 64. Be5 Rc6 65. Qf3 Re6 66. Qg4 Rde7 67. Qf3 Rc6 68. Rd2 Re8 69. Qg4 Rce6 70. Qf3 R6e7 71. Rd6 Qc4 72. Rg6 Rf7 73. Qg4 Qc2+ 74. Kh3 Ree7 75. Rxh6 Qb1 76. Kh2 Rxe5 77. fxe5 Rf2+ 78. Kh3 Qh1# 0-1

[Event "Titled Tuesday intern op 17th Nov"]
[Site "Chess.com INT"]
[Date "2020.11.17"]
[Round "7"]
[White "Tsydypov, Zhamsaran"]
[Black "Bykhovsky, Anatoly"]
[Result "0-1"]
[WhiteElo "2558"]
[BlackElo "2496"]
[PlyCount "108"]
[EventDate "2020.11.17"]
[EventType "swiss (blitz)"]
[EventRounds "11"]
[EventCountry "USA"]
[SourceTitle "CBM 199 Extra"]
[Source "ChessBase"]
[SourceDate "2021.01.31"]
[SourceVersion "1"]
[SourceVersionDate "2021.01.31"]
[SourceQuality "1"]

1. c4 c5 2. Nc3 g6 3. g3 Bg7 4. Bg2 Nc6 5. e3 e6 6. Nge2 Nge7 7. 0-0 0-0 8. e4 d6 9. d3 Rb8 10. Be3 Nd4 11. Qd2 a6 12. f4 f5 13. Kh1 Qd7 14. Bg1 b5 15. cxb5 axb5 16. Nxd4 cxd4 17. Ne2 e5 18. Rac1 Bb7 19. Bf2 Ra8 20. Qb4 Kh8 21. Qb3 fxe4 22. dxe4 Nc8 23. Rcd1 Nb6 24. Nc1 Rfe8 25. Rfe1 Rf8 26. Nd3 Nc4 27. Bg1 Bc6 28. Rf1 Rfe8 29. Rfe1 Ra7 30. a3 Ba8 31. Qc2 Rc7 32. Qe2 Rec8 33. h4 Qe8 34. Nb4 Re7 35. Nd5 Rf7 36. Rc1 Qf8 37. b3 Nxa3 38. Rxc8 Qxc8 39. Qb2 b4 40. Nxb4 Nb5 41. Rc1 Qe8 42. Qd2 Nc3 43. fxe5 Bxe5 44. Bxd4 Nxe4 45. Bxe4 Bxe4+ 46. Kg1 Qe6 47. Qe3 Qg4 48. Bxe5+ dxe5 49. Re1 Rf3 50. Qxe4 Qxg3+ 51. Kh1 Qh3+ 52. Kg1 Rg3+ 53. Kf2 Qh2+ 54. Kf1 Rg1# 0-1